Timo Sarpaneva (Record no. 10950)

MARC details
000 -CABECERA
campo de control de longitud fija 00988nam a22002777a 4500
001 - NÚMERO DE CONTROL
campo de control BRCA_9328
003 - IDENTIFICADOR DEL NÚMERO DE CONTROL
campo de control FranzMayer
005 - FECHA Y HORA DE LA ÚLTIMA TRANSACCIÓN
campo de control 20230918120454.0
008 - DATOS DE LONGITUD FIJA--INFORMACIÓN GENERAL
campo de control de longitud fija 230823b |||||||| |||| 00| 0 eng d
020 ## - NÚMERO INTERNACIONAL ESTÁNDAR DEL LIBRO
Número Internacional Estándar del Libro 9518965153
040 ## - FUENTE DE LA CATALOGACIÓN
Centro catalogador/agencia de origen MFM
Lengua de catalogación esp
Centro/agencia transcriptor MFM
050 ## - SIGNATURA TOPOGRÁFICA DE LA BIBLIOTECA DEL CONGRESO
Número de clasificación NK5198.S2
Número de documento/Ítem .T56 2000
110 1# - ENTRADA PRINCIPAL--NOMBRE DE ENTIDAD CORPORATIVA
Código de función/relación Responsable
Nombre de entidad corporativa o nombre de jurisdicción como elemento de entrada Design Museum Helsinki
Unidad subordinada Timo Sarpaneva Collection
9 (RLIN) 29139
240 ## - TÍTULO UNIFORME
Título uniforme Timo Sarpaneva
Lenguaje de la obra Sueco/Fines
245 0# - MENCIÓN DE TÍTULO
Título Timo Sarpaneva
260 ## - PUBLICACIÓN, DISTRIBUCIÓN, ETC.
Lugar de publicación, distribución, etc. Helsinki, Finlandia
Nombre del editor, distribuidor, etc. Design Museum Helsinki
Fecha de publicación, distribución, etc. 2000
300 ## - DESCRIPCIÓN FÍSICA
Extensión 136 p
Otras características físicas Ilustraciones a color
Dimensiones 25 cm
500 ## - NOTA GENERAL
Nota general Anexo 1
505 ## - NOTA DE CONTENIDO CON FORMATO
Nota de contenido con formato Texto en: sueco y finésDirigido a: artistas, artesanos o museógrafos.
650 1# - PUNTO DE ACCESO ADICIONAL DE MATERIA--TÉRMINO DE MATERIA
Fuente del encabezamiento o término Sarpaneva Timo
Término de materia o nombre geográfico como elemento de entrada Catálogo
Subdivisión de forma Producción artística
9 (RLIN) 29140
651 2# - PUNTO DE ACCESO ADICIONAL DE MATERIA--NOMBRE GEOGRÁFICO
Fuente del encabezamiento o término Design museum (Helsinki, Finlandia)
Nombre geográfico Colección de arte
Subdivisión de forma Vidrio
9 (RLIN) 29141
700 1# - PUNTO DE ACCESO ADICIONAL--NOMBRE DE PERSONA
Código de función/relación Des
Nombre de persona Katajavuori, Kalervo
9 (RLIN) 29142
700 1# - PUNTO DE ACCESO ADICIONAL--NOMBRE DE PERSONA
Código de función/relación Fot
Nombre de persona Luhtala, Markku
9 (RLIN) 29143
700 1# - PUNTO DE ACCESO ADICIONAL--NOMBRE DE PERSONA
Código de función/relación Fot.
Nombre de persona Thiel, Osmo
9 (RLIN) 29144
942 ## - ELEMENTOS DE PUNTO DE ACCESO ADICIONAL (KOHA)
Fuente del sistema de clasificación o colocación Library of Congress Classification
Tipo de ítem Koha Libros
Holdings
Estado de retiro Estado de pérdida Fuente del sistema de clasificación o colocación Estado dañado No para préstamo Código de colección Localización permanente Ubicación/localización actual Fecha de adquisición Total de préstamos Signatura topográfica completa Código de barras Fecha visto por última vez Precio válido a partir de Tipo de ítem Koha
El ejemplar forma parte de la colección y puede ser consultado según las políticas vigentes.   Library of Congress Classification     Fondo Contemporáneo Biblioteca del Museo Franz Mayer (Rogerio Casas-Alatriste) Biblioteca del Museo Franz Mayer (Rogerio Casas-Alatriste) 23/08/2023   NK5198.S2 .T56 2000 CONT10084 23/08/2023 23/08/2023 Libros